00514nam a2200157 a 4500008004100000020001800041050001800059100001700077245014900094260003100243300002200274350000900296650001600305650001200321650002300333101101s2006 ||||||||||||||||| || u a9780750685313 aTK 4660.5 Atk aAtkins, Tony14aThe science and engineering of cutting: the mechanics and processes of separating, scratching and puncturing biomaterials, metals and non-metals aAmsterdam:bElsevierc2006 axiii, 413p.: ill. a0.00 aENGINEERING aCUTTING aMATERIALS--CUTTING